00813nam a2200217 i 4500003000900000005001700009007000300026008004100029040003000070082000700100100003600107245010700143250002000250264006700270300007100337336002700408337003300435338002800468500007300496700002600569DO-SdBNP20240920151919.0ta240920b1968 xxuac||| |||| 00| 0 spa d aDO-SdBNPbspacBNPHUerda 4222 aStraubinder, Juan,eautor4aut.10aSagrada Biblia :bversión directa de los textos primitivos /cJuan Straubinger, Miguel Dario Miranda aNueva edición aChicago, Estados Unidos :bEditor La Prensa Católica,c1968. axxxv, 832, 222, 320 páginas :bilustraciones, retratos ;c26 cm. atextobtxt2rdacontent asin mediaciónbn2rdamedia avolumenbnc2rdacarrier aIncluye referencias bibliográficas y notas al pie de las páginas aMiranda, Miguel Dario